[Event "EYCC 2024 - O18"]
[Site "?"]
[Date "2024.08.29"]
[Round "7.12"]
[White "Babula, Vlastimil"]
[Black "Kuti, Oliver"]
[Result "1-0"]
[BlackElo "2114"]
[WhiteElo "2326"]
[LiveChessVersion "1.4.8"]

1. d4 {[%clk 1:30:56]} Nf6 {[%clk 1:30:54]} 2. c4 {[%clk 1:31:21]} g6
{[%clk 1:30:57]} 3. g3 {[%clk 1:31:48]} c6 {[%clk 1:24:05]} 4. Bg2
{[%clk 1:31:55]} d5 {[%clk 1:24:16]} 5. Qa4 {[%clk 1:27:45]} Nfd7
{[%clk 1:20:48]} 6. cxd5 {[%clk 1:27:26]} Nb6 {[%clk 1:21:09]} 7. Qd1
{[%clk 1:27:49]} cxd5 {[%clk 1:21:29]} 8. Nc3 {[%clk 1:27:35]} Bg7
{[%clk 1:21:17]} 9. Nf3 {[%clk 1:26:32]} Nc6 {[%clk 1:20:00]} 10. Bf4
{[%clk 1:25:44]} O-O {[%clk 1:19:53]} 11. O-O {[%clk 1:25:30]} e6
{[%clk 1:07:20]} 12. Rc1 {[%clk 1:17:38]} Bd7 {[%clk 0:59:10]} 13. h4
{[%clk 1:11:43]} Rc8 {[%clk 0:55:32]} 14. Re1 {[%clk 1:03:44]} h6
{[%clk 0:47:31]} 15. Nb5 {[%clk 0:56:44]} Ne5 {[%clk 0:43:03]} 16. Nxe5
{[%clk 0:38:15]} Bxb5 {[%clk 0:39:15]} 17. b3 {[%clk 0:37:53]} Nd7
{[%clk 0:38:20]} 18. Qd2 {[%clk 0:34:23]} Nxe5 {[%clk 0:37:08]} 19. dxe5
{[%clk 0:33:42]} Kh7 {[%clk 0:35:28]} 20. e4 {[%clk 0:27:17]} dxe4
{[%clk 0:34:26]} 21. Qxd8 {[%clk 0:24:48]} Rfxd8 {[%clk 0:34:21]} 22. Bxe4
{[%clk 0:25:12]} Bc6 {[%clk 0:29:32]} 23. Bxc6 {[%clk 0:25:14]} Rxc6
{[%clk 0:17:12]} 24. Rxc6 {[%clk 0:25:38]} bxc6 {[%clk 0:17:40]} 25. Rc1
{[%clk 0:24:49]} Rc8 {[%clk 0:18:03]} 26. Rc5 {[%clk 0:23:18]} Bf8
{[%clk 0:16:43]} 27. Ra5 {[%clk 0:23:41]} Rc7 {[%clk 0:17:09]} 28. Be3
{[%clk 0:23:31]} c5 {[%clk 0:17:30]} 29. Kf1 {[%clk 0:23:38]} Be7
{[%clk 0:05:53]} 30. Ke2 {[%clk 0:22:36]} g5 {[%clk 0:02:56]} 31. h5
{[%clk 0:20:26]} Kg7 {[%clk 0:03:22]} 32. Kd3 {[%clk 0:20:17]} f6
{[%clk 0:01:17]} 33. exf6+ {[%clk 0:12:39]} Kxf6 {[%clk 0:01:45]} 34. a4
{[%clk 0:13:03]} 1-0